| 000 | 00867nam a2200265 i 4500 | ||
|---|---|---|---|
| 001 | 18377 | ||
| 003 | ES-MaACL | ||
| 005 | 20250826063129.0 | ||
| 007 | t| | ||
| 008 | 011212s1980 fr ||||1| fre d | ||
| 020 | _a2-01-006853-X | ||
| 080 | _a929 Semprún Maura, Carlos | ||
| 080 | _a946"1939/75"(093.32) | ||
| 100 | 1 |
_aSemprún Maura, Carlos, _d1926-2009 _9105423 |
|
| 245 | 1 | 0 |
_aFranco est mort dans son lit / _cCarlos Semprun Maura. |
| 260 |
_a[Paris] : _bHachette, _c1980. |
||
| 300 |
_a208 p. ; _c23 cm. |
||
| 490 | 1 | _aHachette Litterature | |
| 500 | _aBiblioteca Juan Andrade. | ||
| 600 | 1 | 4 |
_aSemprún Maura, Carlos, _d1926-2009 _9105423 |
| 651 | 4 |
_aEspaña- _xHistoria- _y1939-1975, Dictadura- _vRelatos personales. _9137431 |
|
| 830 | 0 |
_aHachette Litterature _9180437 |
|
| 852 |
_aES-MaACL _jAND-135 _bR.109433 |
||
| 999 |
_c18377 _d18377 |
||